<?xml version="1.0" encoding="UTF-8"?>
<record
    xmlns:xsi="http://www.w3.org/2001/XMLSchema-instance"
    xsi:schemaLocation="http://www.loc.gov/MARC21/slim http://www.loc.gov/standards/marcxml/schema/MARC21slim.xsd"
    xmlns="http://www.loc.gov/MARC21/slim">

  <leader>00565nam a22001817a 4500</leader>
  <controlfield tag="003">UA-OsUOA</controlfield>
  <controlfield tag="001"> 7819 </controlfield>
  <controlfield tag="007">ta</controlfield>
  <controlfield tag="008">20040629b un ||||| |||| 00| 0 ukr d</controlfield>
  <datafield tag="100" ind1=" " ind2=" ">
    <subfield code="a">&#x41D;&#x430;&#x439;&#x43C;&#x430;&#x43D; &#x41E;.</subfield>
  </datafield>
  <datafield tag="942" ind1=" " ind2=" ">
    <subfield code="c">SA</subfield>
  </datafield>
  <datafield tag="040" ind1=" " ind2=" ">
    <subfield code="a">UA-OsUOA</subfield>
    <subfield code="c">UA-OsUOA</subfield>
    <subfield code="d">UA-OsUOA</subfield>
  </datafield>
  <datafield tag="245" ind1=" " ind2=" ">
    <subfield code="a">&#x41D;&#x430;&#x446;&#x456;&#x43E;&#x43D;&#x430;&#x43B; - &#x448;&#x43E;&#x432;&#x456;&#x43D;&#x456;&#x441;&#x442;&#x438;&#x447;&#x43D;&#x435; &#x442;&#x43B;&#x443;&#x43C;&#x430;&#x447;&#x435;&#x43D;&#x43D;&#x44F; &#x434;&#x432;&#x430;&#x434;&#x446;&#x44F;&#x442;&#x438;&#x43B;&#x456;&#x442;&#x442;&#x44F; &#x434;&#x435;&#x440;&#x436;&#x430;&#x432;&#x43D;&#x43E;&#x441;&#x442;&#x438; &#x432; &#x423;&#x43A;&#x440;&#x430;&#x457;&#x43D;&#x456; ( 1918 - 1938 )</subfield>
  </datafield>
  <datafield tag="300" ind1=" " ind2=" ">
    <subfield code="a">&#x421;.116-121</subfield>
  </datafield>
  <datafield tag="955" ind1=" " ind2=" ">
    <subfield code="a">0</subfield>
  </datafield>
  <datafield tag="773" ind1="0" ind2=" ">
    <subfield code="w">0</subfield>
    <subfield code="t">&#x421;&#x443;&#x447;&#x430;&#x441;&#x43D;&#x456;&#x441;&#x442;&#x44C;</subfield>
    <subfield code="d">&#x41A;&#x438;&#x457;&#x432;</subfield>
    <subfield code="d">2004</subfield>
    <subfield code="g">&#x2116;6</subfield>
  </datafield>
  <datafield tag="650" ind1=" " ind2="7">
    <subfield code="a">&#x406;&#x441;&#x442;&#x43E;&#x440;&#x456;&#x44F;</subfield>
    <subfield code="2">UDC</subfield>
  </datafield>
  <datafield tag="999" ind1=" " ind2=" ">
    <subfield code="c">293980</subfield>
    <subfield code="d">293980</subfield>
  </datafield>
</record>
